MARC

LEADER 00000nam0a2200000 4500
001 321264
005 20231102003345.0
035 |a (RuTPU)RU\TPU\book\346818 
090 |a 321264 
100 |a 20160822d1958 k y0rusy50 ca 
101 0 |a rus 
102 |a RU 
105 |a a z 000zy 
200 1 |a Новые технологические процессы металлопокрытий, окраски и консервации деталей  |e сборник статей  |f Научно-исследовательский институт технологии автомобильной промышленности ; под ред. К. П. Иванова 
210 |a Москва  |c Изд-во НИИТАВТОПРОМ  |d 1958 
215 |a 86 с.  |c ил. 
225 1 |a Научно-технический бюллетень "Технология автомобилестроения"  |v Приложение № 8 (25) 
606 1 |a Металлопокрытия  |x Коррозионная стойкость  |2 stltpush  |3 (RuTPU)RU\TPU\subj\42551  |9 62210 
610 1 |a окраска 
610 1 |a консервация 
610 1 |a детали 
610 1 |a новые технологии 
610 1 |a хромирование 
610 1 |a цинкование 
610 1 |a никелирование 
610 1 |a сушка 
610 1 |a инфракрасные лучи 
610 1 |a защитные покрытия 
610 1 |a зарубежный опыт 
675 |a 621.793  |v 4 
702 1 |a Иванов  |b К. П.  |4 340 
712 0 2 |a Научно-исследовательский институт технологии автомобильной промышленности  |2 stltpush  |3 (RuTPU)RU\TPU\col\3381  |9 23822 
801 1 |a RU  |b 63413507  |c 20160822 
801 2 |a RU  |b 63413507  |c 20200603  |g RCR 
942 |c BK